Network+ guide to networks

This book is intended to serve the needs of students and professionals who are interested in mastering fundamental, vendor-independent networking concepts. Network+ Guide to Networks offers some important guidance to those seeking to enhance their general knowledge about transmission media, network...

وصف كامل

محفوظ في:
التفاصيل البيبلوغرافية
المؤلف الرئيسي: Dean, Tamara
التنسيق: كتاب
اللغة:Undetermined
منشور في: Austrlia Thomson Course Technology 2006
الموضوعات:
الوسوم: إضافة وسم
لا توجد وسوم, كن أول من يضع وسما على هذه التسجيلة!
Thư viện lưu trữ: Trung tâm Học liệu Trường Đại học Cần Thơ
LEADER 01057nam a2200229Ia 4500
001 CTU_123617
008 210402s9999 xx 000 0 und d
020 |c 1303000 
082 |a 004.6 
082 |b D282 
100 |a Dean, Tamara 
245 0 |a Network+ guide to networks 
245 0 |c Tamara Dean 
260 |a Austrlia 
260 |b Thomson Course Technology 
260 |c 2006 
520 |a This book is intended to serve the needs of students and professionals who are interested in mastering fundamental, vendor-independent networking concepts. Network+ Guide to Networks offers some important guidance to those seeking to enhance their general knowledge about transmission media, network protocols, topology methods, remote connectivity, wireless and network operating systems. 
650 |a Telecommunications engineers,Telecommunications engineers 
650 |x Certification,Study guides,Certification,Study guides 
904 |i Minh 
910 |a Sách kèm đĩa AV.000797 
980 |a Trung tâm Học liệu Trường Đại học Cần Thơ